[Event "Goodricke Open"]
[Site "Calcutta IND"]
[Date "2000.02.11"]
[Round "6"]
[White "Roktim,B"]
[Black "Reefat,S"]
[Result "0-1"]
[WhiteElo "2293"]
[BlackElo "2379"]

1.e4 c5 2.Nf3 Nc6 3.Bb5 e6 4.Bxc6 bxc6 5.O-O Ne7 6.b3 Ng6 7.Bb2 f6 8.Re1 Be7
9.c3 O-O 10.d4 Ba6 11.d5 d6 12.c4 cxd5 13.cxd5 e5 14.Nbd2 Qd7 15.Nc4 f5 16.Nfd2 Nf4
17.Re3 Bb7 18.Na5 fxe4 19.Nxb7 Qxb7 20.Nxe4 Nxd5 21.Rg3 Rf4 22.Qe2 Nf6 23.Qc4+ Kh8
24.Nxc5 dxc5 25.Qe6 Qd5 26.Qxd5 Nxd5 27.Bxe5 Rf7 28.Rd1 Nb4 29.Bd6 Bxd6 30.Rxd6  0-1

[Event "Goodricke Open"]
[Site "Calcutta IND"]
[Date "2000.02.11"]
[Round "6"]
[White "Girinath,P"]
[Black "Ibragimov,I"]
[Result "0-1"]
[WhiteElo "2298"]
[BlackElo "2611"]

1.e4 c5 2.Nf3 Nc6 3.Bb5 e6 4.O-O Nge7 5.b3 Nd4 6.Nxd4 cxd4 7.Bb2 a6 8.Bd3 Nc6
9.c3 Bc5 10.Qh5 d6 11.Na3 O-O 12.cxd4 Bxd4 13.Bxd4 Nxd4 14.Nc2 g6 15.Qh6 Nxc2
16.Bxc2 Bd7 17.Qe3 Qa5 18.a3 Rfc8 19.b4 Qd8 20.Bd3 Rc7 21.f4 e5 22.f5 gxf5
23.exf5 f6 24.Be4 Kh8 25.Rac1 Rac8 26.Rxc7 Rxc7 27.Qb6 Bb5 28.Re1 Qd7 29.d4 Bc6
30.Rc1 d5 31.Bf3 e4 32.Be2 Rc8 33.a4 Qxf5 34.b5 Qg5 35.Re1 axb5 36.axb5 Bd7
37.Qxb7 Qe3+ 38.Kf1 Bh3 39.Qf7 Bxg2+ 40.Kxg2 Rg8+ 41.Qxg8+ Kxg8  0-1

[Event "Petroff Mem Open"]
[Site "St Petersburg RUS"]
[Date "2000.02.13"]
[Round "6"]
[White "Lebedev,Va"]
[Black "Gavrilov,Al"]
[Result "1-0"]
[WhiteElo "2225"]
[BlackElo "2454"]

1.e4 c5 2.Nf3 Nc6 3.Bb5 g6 4.O-O Bg7 5.Bxc6 bxc6 6.Re1 e5 7.c3 Ne7 8.d4 cxd4
9.cxd4 exd4 10.Nxd4 d6 11.Nc3 O-O 12.Bg5 Bd7 13.Qd2 Re8 14.Nf3 Bg4 15.Rad1 Rb8
16.Re2 Rb7 17.Qf4 Bxf3 18.Qxf3 Qb8 19.b3 Nc8 20.Rc2 Rd7 21.h4 Qb4 22.Bf6 Bxf6
23.Qxf6 Qc5 24.Qd4 Qh5 25.g3 Rde7 26.Rcd2 Qg4 27.Qc4 Qd7 28.Kg2 Re5 29.Qd4 Qg4
30.f3 Qe6 31.Qa4 Rc5 32.Ne2 Qf6 33.Nd4 Kg7 34.Qa3 Qe7 35.Qb2 Kg8 36.Ne2 Qc7
37.Nf4 Rce5 38.Rc1 Qb7 39.Qc3 Rc5 40.Qb2 Rce5 41.Nd3 R5e6 42.Qc3 Nb6 43.Nf4 Re5
44.Qxc6 Qa6 45.Qxd6 Qa5 46.Rdc2 R5e7 47.Qc5 Qa6 48.Nd5 Nxd5 49.Qxd5 Re6 50.Rd2 R6e7
51.Rc6 Qa3 52.Qc5 Qxc5 53.Rxc5 Rb8 54.Kf2 Kg7 55.Rd6 Rb4 56.Ke3 h6 57.Rd4 Rb6
58.b4 Reb7 59.a3 Kf6 60.Kd3 Ra6 61.Rc3 Ke6 62.Rdc4 Rd6+ 63.Ke3 Rd1 64.Rc7 Rd7
65.R3c6+ Ke7 66.Rxb7 Rxb7 67.Ra6 Kd7 68.g4 Kc7 69.h5 gxh5 70.gxh5  1-0

[Event "FSGM February"]
[Site "Budapest HUN"]
[Date "2000.02.15"]
[Round "11"]
[White "Burnett,R"]
[Black "Nguyen Anh Dung"]
[Result "1-0"]
[WhiteElo "2437"]
[BlackElo "2496"]

1.e4 c5 2.Nf3 Nc6 3.Bb5 e6 4.O-O Nge7 5.c3 a6 6.Ba4 b5 7.Bc2 d5 8.e5 d4 9.Qe2 Bb7
10.Be4 Nd5 11.d3 Be7 12.c4 Nb6 13.Bf4 b4 14.Nbd2 Kd7 15.Nb3 a5 16.a3 a4 17.axb4 axb3
18.b5 Qc7 19.bxc6+ Bxc6 20.Nd2 Na4 21.Nxb3 Rhb8 22.Bxc6+ Qxc6 23.Qc2 Nb6
24.Rxa8 Rxa8 25.Ra1 g5 26.Rxa8 Qxa8 27.Bd2 Qa4 28.Bxg5 Bf8 29.h3 Kc8 30.Kh2 Bg7
31.f4 Bf8 32.g4 Kb8 33.Bh4 Bh6 34.Bg3 Ka7 35.h4 Bf8 36.Bf2 Be7 37.h5 Kb7
38.Kg3 Kc7 39.Nxd4 cxd4 40.Qxa4 Nxa4 41.Bxd4 Bc5 42.b3 Bxd4 43.bxa4 Kb6 44.Kf3 Ka5
45.Ke4 Bb6 46.d4 Kxa4 47.f5 Kb4 48.c5 Bd8 49.f6 Kb5 50.d5 Kxc5 51.dxe6 fxe6
52.g5  1-0

[Event "Petroff Mem Open"]
[Site "St Petersburg RUS"]
[Date "2000.02.15"]
[Round "8"]
[White "Chehlov,A"]
[Black "Reshetnikov,E"]
[Result "0-1"]
[WhiteElo "2248"]
[BlackElo "2205"]

1.e4 c5 2.Nf3 Nc6 3.Bb5 e6 4.O-O Nge7 5.c3 a6 6.Ba4 b5 7.Bc2 Bb7 8.d4 cxd4
9.Bg5 dxc3 10.Nxc3 Qc7 11.Re1 f6 12.Bh4 Ng6 13.Bg3 Nge5 14.Rc1 Bb4 15.Bb3 Qd6
16.a3 Qxd1 17.Rexd1 Nxf3+ 18.gxf3 Be7 19.a4 Na5 20.Ba2 b4 21.Ne2 b3 22.Bb1 Bc6
23.Bc7 Nb7 24.a5 Rc8 25.Bb6 Bb4 26.Bd3 Bxa5 27.Bxa5 Nxa5 28.Ra1 Nb7 29.Bxa6 Ra8
30.Nd4 Nc5 31.Bc4 Ke7 32.Nxb3 Nxb3 33.Rxa8 Rxa8 34.Bxb3 Rb8 35.Rd3 g6 36.Re3 f5
37.Kf1 Rb4 38.exf5 gxf5 39.Ke1 d5 40.Kd2 Kd6 41.Kc2 Rh4 42.Ba2 Rxh2 43.Re2 Bb5
44.Rd2 Rh3 45.Kc3 Rxf3+ 46.Kb4 Bf1 47.Bb3 h5 48.Bd1 Rf4+ 49.Ka5 h4 50.b4 h3
51.f3 Bg2  0-1

[Event "Petroff Mem Open"]
[Site "St Petersburg RUS"]
[Date "2000.02.15"]
[Round "8"]
[White "Tolstikh,N"]
[Black "Selin,O"]
[Result "1-0"]
[WhiteElo "2419"]
[BlackElo "2327"]

1.e4 c5 2.Nf3 Nc6 3.Bb5 e6 4.Bxc6 bxc6 5.b3 f6 6.O-O Nh6 7.d4 Nf7 8.Ba3 Qa5
9.c3 cxd4 10.Bxf8 Kxf8 11.cxd4 g6 12.Nbd2 Kg7 13.Re1 Ba6 14.Qc2 Rhc8 15.Rac1 g5
16.h3 h5 17.Re3 Qb6 18.Qc3 Rab8 19.e5 f5 20.a3 g4 21.Nh2 Qd8 22.b4 Qg5 23.Nb3 f4
24.Re4 c5 25.dxc5 Bb7 26.Rd4 Rd8 27.hxg4 Nxe5 28.Na5 Ba8 29.c6 f3 30.Re4 d6
31.Nxf3  1-0

[Event "Petroff Mem Open"]
[Site "St Petersburg RUS"]
[Date "2000.02.16"]
[Round "9"]
[White "Lebedev,Va"]
[Black "Sinkevich,P"]
[Result "0-1"]
[WhiteElo "2225"]
[BlackElo "2293"]

1.e4 c5 2.Nf3 Nc6 3.Bb5 e6 4.Bxc6 dxc6 5.O-O Ne7 6.Nc3 Ng6 7.d3 e5 8.Be3 Bd6
9.a4 a5 10.h3 h6 11.Qd2 Qf6 12.Nh2 O-O 13.Ne2 Nf4 14.Bxf4 exf4 15.c3 Re8
16.Nf3 g5 17.Qc2 Qg6 18.Rfe1 Bc7 19.Rad1 b6 20.b4 axb4 21.cxb4 cxb4 22.Ned4 Bd7
23.Nxc6 Qxc6 24.Qxc6 Bxc6 25.Rc1 Bxe4 26.Rxe4 Rxe4 27.dxe4 Bd6 28.Rc6 Bc5
29.Rxh6 Rxa4 30.Ne5 Ra1+  0-1

[Event "Petroff Mem Open"]
[Site "St Petersburg RUS"]
[Date "2000.02.16"]
[Round "9"]
[White "Polovnikova,E"]
[Black "Kupreichik,V"]
[Result "0-1"]
[WhiteElo "2356"]
[BlackElo "2480"]

1.e4 c5 2.Nf3 Nc6 3.Bb5 Nf6 4.Nc3 g6 5.Bxc6 bxc6 6.O-O Bg7 7.d3 O-O 8.Re1 d6
9.h3 Rb8 10.a4 e5 11.b3 Nh5 12.Bd2 Nf4 13.Rb1 g5 14.Ne2 f5 15.Nh2 Qf6 16.Rf1 fxe4
17.dxe4 Qg6 18.Ng3 d5 19.Be3 d4 20.Bd2 Qf7 21.f3 h5 22.Bxf4 exf4 23.Nf5 Bxf5
24.exf5 c4 25.bxc4 Rxb1 26.Qxb1 Qxc4 27.a5 Rxf5 28.Qb8+ Kh7 29.Qe8 Qf7 30.Qxc6 Rxa5
31.Rb1 Qe7 32.Nf1 Rc5 33.Qa6 Qf6 34.Qxa7 Rxc2 35.Qd7 Qe5 36.Rb5 Rc7 37.Rxe5 Rxd7
38.Rxg5 d3 39.Nd2 Bd4+ 40.Kf1 Rc7 41.Nb3 Be3 42.Rxh5+ Kg6 43.Rb5 Rc1+ 44.Nxc1 d2  0-1

[Event "Petroff Mem Open"]
[Site "St Petersburg RUS"]
[Date "2000.02.16"]
[Round "9"]
[White "Chernyshov,K"]
[Black "Shinkevich,V"]
[Result "1-0"]
[WhiteElo "2544"]
[BlackElo "2440"]

1.e4 c5 2.Nf3 Nc6 3.Bb5 g6 4.O-O Bg7 5.Re1 e5 6.Bxc6 dxc6 7.h3 Nh6 8.d3 f6
9.Be3 Qe7 10.c3 Nf7 11.a3 a5 12.d4 cxd4 13.cxd4 O-O 14.Nc3 b5 15.Qc2 Bd7
16.Rad1 Rfc8 17.Re2 Be6 18.a4 Qb4 19.Ra1 Bb3 20.Qc1 bxa4 21.dxe5 Nxe5 22.Nd2 Bf8
23.Nxb3 Qxb3 24.Nxa4 Rab8 25.Qc2 Qxc2 26.Rxc2 Rb4 27.f3 Rcb8 28.Bf4 c5 29.Ra2 R8b7
30.Bxe5 fxe5 31.Nxc5 R7b5 32.Ne6 Be7 33.Rc7 Kf7 34.Nd8+ Kf6 35.Rxe7 Kxe7
36.Nc6+ Kf6 37.Nxb4 Rxb4 38.Rxa5 Rxb2 39.Ra6+ Kg5 40.Re6 Kf4 41.Kh2 Rb7 42.h4 Rf7
43.Ra6 g5 44.hxg5 Kxg5 45.Kg3 Re7 46.Rb6 h5 47.Rb8 Rg7 48.Rf8 Kh6+ 49.Kh3 Rg5
50.Rf6+ Kg7 51.Rf5  1-0

[Event "Masters KO"]
[Site "Cannes FRA"]
[Date "2000.02.19"]
[Round "1.1"]
[White "Kogan,A"]
[Black "Pira,D"]
[Result "1-0"]
[WhiteElo "2483"]
[BlackElo "2450"]

1.e4 c5 2.Nf3 Nc6 3.Bb5 g6 4.O-O Bg7 5.Re1 Nf6 6.d4 cxd4 7.e5 Nd5 8.Bxc6 dxc6
9.Qxd4 Bf5 10.Na3 h6 11.Qh4 g5 12.Qg3 Qb6 13.Nc4 Qb4 14.b3 O-O-O 15.Ba3 Qc3
16.Bb2 Qxc2 17.Rac1 Qd3 18.e6 Bxb2 19.Nxb2 Qa6 20.exf7 Nf4 21.Nc4 Qxa2 22.Rxe7 Qxb3
23.h4 Be6 24.Rxe6 Nxe6 25.Qg4 Rd1+ 26.Kh2 Kb8 27.Qxe6 Rdd8 28.Nd4 Qd3 29.Qe5+ Kc8
30.Nd6+ Kd7 31.Qe6+ Kc7 32.Qe7+  1-0

[Event "It"]
[Site "Harkany HUN"]
[Date "2000.02.19"]
[Round "3"]
[White "Amrein,R"]
[Black "Nanu,C"]
[Result "0-1"]
[WhiteElo "2297"]
[BlackElo "2380"]

1.e4 c5 2.Nf3 Nc6 3.Bb5 Qb6 4.Nc3 e6 5.O-O Nge7 6.Re1 a6 7.Bxc6 Nxc6 8.Nd5 exd5
9.exd5+ Ne7 10.d4 d6 11.Be3 c4 12.Nh4 Nxd5 13.Bg5+ Be6 14.f4 h6 15.Qh5 hxg5
16.Rxe6+ Ne7 17.Rxe7+ Bxe7 18.Qxh8+ Bf8 19.Nf5 O-O-O 20.Qh3 Kb8 21.Qc3 gxf4
22.Qxc4 g6 23.Nh4 d5 24.Qd3 Qxb2 25.Re1 Bb4 26.Re2 Qxa2 27.Nf3 Qc4 28.Qd1 f6
29.Re6 Rd6 30.Re8+ Ka7 31.h4 Bc3 32.Rg8 f5 33.Re8 a5  0-1

[Event "ch-Serbia"]
[Site "Kragujevac YUG"]
[Date "2000.02.19"]
[Round "1"]
[White "Pikula,D"]
[Black "Nikolic,N YUG"]
[Result "1-0"]
[WhiteElo "2476"]
[BlackElo "2298"]

1.e4 c5 2.Nf3 Nc6 3.Bb5 Na5 4.O-O a6 5.Be2 e6 6.d4 cxd4 7.Nxd4 Qc7 8.f4 Bc5
9.Kh1 b5 10.c3 Ne7 11.b4 Bxd4 12.Qxd4 e5 13.fxe5 Nac6 14.Qd6 Qb8 15.Bf4 O-O
16.Bg3 Re8 17.a4 Ng6 18.axb5 Ngxe5 19.Qxb8 Nxb8 20.Bxe5 Rxe5 21.Bc4 Bb7 22.Bxf7+ Kh8
23.Bd5 Bxd5 24.exd5 Kg8 25.c4 Re4 26.Nd2 Rd4 27.Rf2 d6 28.Kg1 Ra7 29.Re1  1-0

[Event "Open"]
[Site "Cannes FRA"]
[Date "2000.02.20"]
[Round "1"]
[White "Bonnet,E1"]
[Black "Sarthou,G"]
[Result "0-1"]
[WhiteElo "2108"]
[BlackElo "2345"]

1.e4 c5 2.Nf3 Nc6 3.Bb5 g6 4.O-O Bg7 5.c3 Nf6 6.Re1 O-O 7.d4 d5 8.e5 Ne4
9.Nbd2 cxd4 10.cxd4 Nxd2 11.Bxd2 Qb6 12.Bxc6 bxc6 13.Bc3 Bg4 14.h3 Bxf3 15.Qxf3 Rfd8
16.b4 Re8 17.Qd3 f6 18.f4 Qb5 19.Qg3 fxe5 20.fxe5 Rf8 21.Rf1 Qc4 22.a4 Bh6
23.a5 Qe2 24.Rxf8+ Rxf8 25.Re1 Qc4 26.Rd1 Qe2 27.Re1 Qc2 28.Rf1 Rxf1+ 29.Kxf1 Qd1+
30.Qe1 Qd3+ 31.Kg1 Be3+ 32.Kh2 Kf7 33.Bb2 Ke6 34.Bc1 Bxd4 35.Bf4 Qc3 36.Qd1 Qa1
37.Bc1 Bb2 38.Qg4+ Kf7 39.e6+ Kg7 40.Qf3 Qxc1  0-1

[Event "Masters KO"]
[Site "Cannes FRA"]
[Date "2000.02.20"]
[Round "2.2"]
[White "Belkhodja,S"]
[Black "Vaisser,A"]
[Result "0-1"]
[WhiteElo "2419"]
[BlackElo "2549"]

1.e4 c5 2.Nf3 Nc6 3.Bb5 e6 4.O-O Nge7 5.Re1 Nd4 6.Nxd4 cxd4 7.d3 Nc6 8.Nd2 Be7
9.e5 O-O 10.Bxc6 dxc6 11.Qg4 Kh8 12.Ne4 f5 13.exf6 gxf6 14.Qh5 Qe8 15.Qxe8 Rxe8
16.Bd2 c5 17.c3 Bd7 18.Ng3 Kg7 19.f4 f5 20.c4 Kf7 21.Ne2 b5 22.b3 bxc4 23.dxc4 Bc6
24.Kf2 Rg8 25.g3 Bf6 26.Ng1 a5 27.Nf3 Be4 28.Rec1 a4 29.Be1 axb3 30.axb3  0-1

[Event "ch-Serbia"]
[Site "Kragujevac YUG"]
[Date "2000.02.20"]
[Round "2"]
[White "Vratonjic,S"]
[Black "Andrijevic,M"]
[Result "1/2-1/2"]
[WhiteElo "2441"]
[BlackElo "2360"]

1.e4 c5 2.Nf3 Nc6 3.Bb5 e6 4.c3 Nge7 5.d4 cxd4 6.cxd4 d5 7.exd5 Nxd5 8.O-O Be7
9.Nc3 O-O 10.Bd3 Bf6 11.Be4 a6 12.Re1 Nce7 13.Qd3 g6 14.Bh6 Bg7 15.Bxg7 Kxg7
16.Ne5 b5 17.Bxd5 Nxd5 18.Ne4 Bb7 19.Nc5 Qe7 20.Qg3 Nf6 21.Qh4 Bd5 22.Re3 Ng8
23.Qg3 Rfd8 24.b3 Nh6 25.Qf4 Nf5 26.Rh3 h6 27.Re1 Qg5 28.Qxg5 hxg5 29.Rd3 a5
30.f3 Rac8 31.Rc1 Ba8 32.g4 Ne7 33.Kf2 Nd5 34.Rd2 Kg8 35.a3 Nf4 36.Ke3 Nd5+
37.Kf2 Nf4 38.Rcc2 Bd5 39.Ke3 Ba8 40.Ne4 Nd5+ 41.Kf2 Rxc2 42.Rxc2 f6 43.Nc6 Bxc6
44.Rxc6 b4 45.axb4 axb4 46.Rxe6 Kf7 47.Rd6 Rxd6 48.Nxd6+ Ke6 49.Ne4 Nf4 50.Ke3 Ng2+
51.Kd2 Nh4 52.Ke2 Ng2 53.d5+ Kxd5 54.Nxf6+ Kd4 55.Ne4 Nf4+ 56.Kd1 Kd3 57.Nxg5 Kc3
58.Ne4+ Kxb3 59.Kd2 Kc4 60.h4 b3 61.Ng3 Kb4 62.Ne4 Ka3 63.Ke3 Ng2+ 64.Kf2 Nxh4
65.Nd2 g5 66.Ke3 b2 67.Nc4+ Kb3 68.Nxb2 Kxb2 69.Ke4 Kc3 70.f4 gxf4 71.Kxf4 Kd4
72.Kg5 Nf3+  1/2-1/2

[Event "8th Valle d'Aosta Open"]
[Site "Saint Vincent ITA"]
[Date "2000.02.20"]
[Round "9"]
[White "Godena,M"]
[Black "Friedrich,N"]
[Result "1-0"]
[WhiteElo "2487"]
[BlackElo "2241"]

1.e4 c5 2.Nf3 Nc6 3.Bb5 Nf6 4.Nc3 g6 5.Bxc6 dxc6 6.h3 Bg7 7.d3 O-O 8.Be3 b6
9.Qd2 Re8 10.Bh6 e5 11.O-O Nd7 12.Nh2 Nf8 13.Bxg7 Kxg7 14.f4 a5 15.fxe5 Ra7
16.Rf2 Rxe5 17.Nd1 h5 18.Ne3 Nh7 19.Kh1 Re8 20.Nf3 Be6 21.a4 Kg8 22.b3 Rd7
23.Qc3 Rc7 24.Nc4 Rce7 25.Nce5 Rc7 26.d4 cxd4 27.Nxd4 Ng5 28.Qe3 Bxh3 29.Ndxc6 Rxc6
30.Nxc6 Rxe4 31.Qxe4  1-0

[Event "8th Valle d'Aosta Open"]
[Site "Saint Vincent ITA"]
[Date "2000.02.20"]
[Round "9"]
[White "Hamdouchi,H"]
[Black "Miladinovic,I"]
[Result "1-0"]
[WhiteElo "2513"]
[BlackElo "2538"]

1.e4 c5 2.Nf3 Nc6 3.Bb5 e6 4.Bxc6 bxc6 5.O-O Ne7 6.d3 Ng6 7.Ng5 f6 8.Nh3 d5
9.Qh5 Qc7 10.f4 Qf7 11.c4 Bd6 12.Qe2 O-O 13.Nc3 Re8 14.e5 Bf8 15.Bd2 Nh4
16.g4 f5 17.g5 Rb8 18.b3 Rd8 19.Na4 Ng6 20.Be3 d4 21.Bc1 Be7 22.Ba3 Qf8 23.Kh1 Bd7
24.Ng1 Be8 25.Rf3 Nh8 26.Qg2 Bh5 27.Rh3 Bg4 28.Rg3 Bh5 29.Rf1 Rbc8 30.Nf3 Ng6
31.Qd2 Bg4 32.Ng1 a5 33.Qxa5 Ra8 34.Qd2 Rdb8 35.Qg2 Bh5  1-0

[Event "Open"]
[Site "Cannes FRA"]
[Date "2000.02.21"]
[Round "2"]
[White "Chaplin,E"]
[Black "Miton,K"]
[Result "0-1"]
[WhiteElo "2212"]
[BlackElo "2425"]

1.e4 c5 2.Nf3 Nc6 3.Bb5 e6 4.O-O Nge7 5.Re1 a6 6.Bxc6 Nxc6 7.d4 cxd4 8.Nxd4 d6
9.Nc3 Be7 10.Nxc6 bxc6 11.Qg4 Kf8 12.Qh5 h6 13.f4 Qb6+ 14.Kh1 d5 15.e5 g6
16.Qf3 c5 17.f5 gxf5 18.g4 Qb7 19.gxf5 d4 20.Ne4 exf5 21.Nd2 Rg8 22.Rg1 Bg5  0-1

[Event "16th open"]
[Site "Cappelle La Grande FRA"]
[Date "2000.02.21"]
[Round "4"]
[White "Shaw,J"]
[Black "Golod,V"]
[Result "1/2-1/2"]
[WhiteElo "2392"]
[BlackElo "2566"]

1.e4 c5 2.Nf3 Nc6 3.Bb5 g6 4.Bxc6 dxc6 5.d3 Bg7 6.h3 Nf6 7.Nc3 Nd7 8.Be3 e5
9.Qd2 h6 10.g4 Qe7 11.O-O-O Nf8 12.Ne2 Ne6 13.c3 b6 14.d4 exd4 15.cxd4 cxd4
16.Nfxd4 Ba6 17.Nxe6 Qxe6 18.Nc3 h5 19.f4 hxg4 20.f5 Qe7 21.Bg5 Qxg5 22.Qxg5 Bh6
23.Qxh6 Rxh6 24.hxg4 Rxh1 25.Rxh1 Ke7 26.Kd2 Kf6 27.Ke3 Rd8 28.Rd1 Rxd1 29.Nxd1 g5
30.Nf2 c5  1/2-1/2

[Event "ch-YUG (women) qualifier"]
[Site "Kragujevac YUG"]
[Date "2000.02.21"]
[Round "3"]
[White "Paramentic,M"]
[Black "Stankovic,M"]
[Result "1/2-1/2"]
[WhiteElo "2050"]
[BlackElo "2207"]

1.e4 c5 2.Nf3 Nc6 3.Bb5 d6 4.d4 cxd4 5.Qxd4 Bd7 6.Bxc6 Bxc6 7.c4 e5 8.Qd3 Nf6
9.Nc3 h6 10.O-O Be7 11.Rd1 O-O 12.Nd2 a6 13.b3 Nd7 14.b4 a5 15.b5 Nc5 16.Qe2 Bd7
17.Nd5 f5 18.f3 Bg5 19.exf5 Bxd2 20.Bxd2 Bxf5 21.Be3 Rc8 22.Rac1 Be6 23.Qd2 Rf7
24.b6 Bxd5  1/2-1/2

[Event "Open"]
[Site "Cannes FRA"]
[Date "2000.02.22"]
[Round "3"]
[White "Esprit,Y"]
[Black "Rouzaud,P"]
[Result "0-1"]
[WhiteElo "2076"]
[BlackElo "2196"]

1.e4 c5 2.Nf3 Nc6 3.Bb5 Nf6 4.Nc3 e5 5.O-O d6 6.h3 a6 7.Bxc6+ bxc6 8.d3 Rb8
9.b3 g6 10.a4 Bg7 11.Bd2 O-O 12.a5 Nd7 13.Na4 f5 14.Rb1 Bb7 15.Ng5 Qe7 16.exf5 Rxf5
17.Ne4 Ba8 18.b4 cxb4 19.Rxb4 Rxb4 20.Bxb4 c5 21.Bd2 d5 22.Nexc5 Nxc5 23.Bb4 Qh4
24.Qg4 Qxg4 25.hxg4 Rf4 26.Nxc5 Rxb4 27.Nxa6 Rb5 28.Ra1 e4 29.Ra4 Bc3 30.Ra3 exd3
31.cxd3 Rb1+ 32.Kh2 Be5+ 33.f4 Bxf4+ 34.g3 Bd6 35.Rc3 Rh1+ 36.Kxh1 d4+  0-1

[Event "Open"]
[Site "Cannes FRA"]
[Date "2000.02.22"]
[Round "3"]
[White "Schweiger,G"]
[Black "Bernard,Ja"]
[Result "1/2-1/2"]
[WhiteElo "2142"]
[BlackElo "2227"]

1.e4 c5 2.Nf3 Nc6 3.Bb5 e6 4.O-O Nge7 5.c3 d5 6.exd5 Qxd5 7.Qe2 Ng6 8.d4 Bd6
9.dxc5 Bxc5 10.Rd1 Qh5 11.Ng5  1/2-1/2

[Event "Open"]
[Site "Cannes FRA"]
[Date "2000.02.25"]
[Round "6"]
[White "Manolov,I"]
[Black "Dichev,N"]
[Result "1-0"]
[WhiteElo "2327"]
[BlackElo "2203"]

1.e4 c5 2.Nf3 Nc6 3.Bb5 e6 4.O-O d6 5.c3 Be7 6.d4 cxd4 7.cxd4 Bd7 8.Nc3 Nf6
9.d5 exd5 10.exd5 Nb8 11.a4 O-O 12.h3 Bxb5 13.axb5 Nbd7 14.Nd4 Re8 15.Nf5 Bf8
16.Be3 Nb6 17.Qf3 Nfd7 18.Bd4 Ne5 19.Qg3 Nc8 20.Bxe5 Rxe5 21.Nh6+  1-0

[Event "It"]
[Site "Harkany HUN"]
[Date "2000.02.25"]
[Round "8"]
[White "Bogdan,D"]
[Black "Papp,Ga"]
[Result "1-0"]
[WhiteElo "2353"]
[BlackElo "2217"]

1.e4 c5 2.Nf3 Nc6 3.Bb5 e6 4.Bxc6 bxc6 5.O-O d6 6.Re1 e5 7.c3 Bg4 8.h3 Bxf3
9.Qxf3 Nf6 10.d4 cxd4 11.cxd4 Be7 12.dxe5 dxe5 13.Rd1 Qc7 14.b3 O-O 15.Bb2 Rad8
16.Nd2 Bc5 17.Nc4 Bd4 18.Bxd4 Rxd4 19.Rxd4 exd4 20.e5 Nd7 21.Qe4 c5 22.Rc1 Re8
23.f4 Nb6 24.Nd2 Qc8 25.Nf3 f5 26.Qd3 Rd8 27.Qb5 Qa8 28.Qxc5 Qe4 29.Re1 Qxf4
30.Qe7 Rf8 31.Ng5 Nd7 32.Qe6+ Kh8 33.Nf7+  1-0

[Event "Open"]
[Site "Cannes FRA"]
[Date "2000.02.26"]
[Round "7"]
[White "Lagunes,J"]
[Black "Philippe,C"]
[Result "0-1"]
[WhiteElo "2157"]
[BlackElo "2293"]

1.e4 c5 2.Nf3 Nc6 3.Bb5 g6 4.Bxc6 dxc6 5.d3 Bg4 6.Nbd2 Bg7 7.O-O e5 8.a4 Qe7
9.a5 Nf6 10.Nc4 Nd7 11.Ne3 h5 12.Ra4 O-O-O 13.Bd2 f5 14.b4 fxe4 15.dxe4 Bh6
16.Nc4 Nb8 17.bxc5 Bxf3 18.Qxf3 Rxd2 19.Nxd2 Bxd2 20.Rd1 Rd8 21.Qh3+ Kc7
22.Ra3 Qxc5 23.Rb1 Qxc2 24.Rab3 Bb4 25.Qf3 c5 26.h4 Nc6 27.R3b2 Qc4 28.a6 bxa6
29.Qe3 a5 30.Kh2 a4 31.Rc1 Qd4 32.Qe2 Ba3 33.Rc4 Qxb2  0-1

[Event "Open"]
[Site "Cannes FRA"]
[Date "2000.02.27"]
[Round "8"]
[White "Dunnington,A"]
[Black "Weindl,A"]
[Result "1-0"]
[WhiteElo "2372"]
[BlackElo "2367"]

1.e4 c5 2.Nf3 Nc6 3.Bb5 Nf6 4.e5 Nd5 5.O-O g6 6.d4 cxd4 7.Bxc6 dxc6 8.Qxd4 Bg7
9.Qh4 h6 10.Re1 Bf5 11.Na3 Qc7 12.Bd2 g5 13.Qg3 O-O-O 14.Rad1 Nb6 15.b3 Rd7
16.Ba5 Rxd1 17.Rxd1 Rd8 18.Rxd8+ Qxd8 19.h4 Qd1+ 20.Kh2 Qc1 21.Bxb6 axb6
22.Nc4 Qf4 23.hxg5 Qxg3+ 24.Kxg3 Bxc2 25.Nxb6+ Kc7 26.Nc4 b5 27.Ncd2 hxg5
28.Kg4 c5 29.Kxg5 Kc6 30.g4 Kd5 31.Kf4 f6 32.exf6 exf6 33.Nf1 Bh6+ 34.g5 Bxg5+
35.Nxg5 fxg5+ 36.Kxg5 Kd4 37.f4 Kc3 38.f5 Kb2 39.f6  1-0

[Event "Caissa Open"]
[Site "Kharkov UKR"]
[Date "2000.02.29"]
[Round "5"]
[White "Karlovich,A"]
[Black "Kolpakchi,V"]
[Result "0-1"]
[WhiteElo "2242"]
[BlackElo "2285"]

1.e4 c5 2.Nf3 Nc6 3.Bb5 g6 4.c3 Nf6 5.e5 Nd5 6.O-O Bg7 7.d4 cxd4 8.cxd4 O-O
9.Nc3 Nxc3 10.bxc3 d5 11.exd6 exd6 12.Qa4 Qc7 13.Bf4 Bf5 14.Rfe1 a6 15.Bxc6 bxc6
16.Re3 h6 17.Rae1 Be6 18.h3 a5 19.c4 Qd7 20.Rb3 Rfb8 21.Reb1 Rxb3 22.Rxb3 Qc7
23.Rb2 c5 24.Rc2 Rb8 25.Rc1 Kh7 26.Qa3 Rb4 27.Qd3 Bf5 28.Qd2 Qb6 29.dxc5 dxc5
30.a3 Rb3 31.Be3 Rd3 32.Qa2 a4 33.Nd2 Qb2 34.Rc2 Qe5 35.Nf3 Rd1+  0-1

[Event "Caissa Open"]
[Site "Kharkov UKR"]
[Date "2000.02.30"]
[Round "6"]
[White "Miroshnichenko,E"]
[Black "Shalimov,V UKR"]
[Result "0-1"]
[WhiteElo "2465"]
[BlackElo "2400"]

1.e4 c5 2.Nf3 Nc6 3.Bb5 g6 4.O-O Bg7 5.Nc3 e5 6.a3 Nge7 7.b4 b6 8.Nd5 O-O
9.c4 f5 10.d3 f4 11.bxc5 bxc5 12.Qa4 Nd4 13.Nxd4 exd4 14.Nxf4 a6 15.Nd5 Nxd5
16.cxd5 axb5 17.Qxa8 Qb6 18.a4 Bb7 19.a5 Rxa8  0-1

[Event "Sufe Cup"]
[Site "Shanghai CHN"]
[Date "2000.03.04"]
[Round "2"]
[White "Qin Kanying"]
[Black "Pigusov,E"]
[Result "1/2-1/2"]
[WhiteElo "2475"]
[BlackElo "2610"]

1.e4 c5 2.Nf3 Nc6 3.Bb5 g6 4.O-O Bg7 5.Re1 e5 6.b4 Nxb4 7.Bb2 Nc6 8.Bxc6 dxc6
9.Nxe5 Qc7 10.Nc4 Bxb2 11.Nxb2 Be6 12.a4 O-O-O 13.Na3 Qf4 14.d3 Nf6 15.h3 Nd7
16.a5 g5 17.Qc1 Qc7 18.Qe3 Rhg8 19.e5 Kb8 20.Nbc4 g4 21.h4  1/2-1/2

[Event "Oz.com qualifier blitz"]
[Site "Internet ICC"]
[Date "2000.03.05"]
[Round "1"]
[White "Komliakov,V"]
[Black "Unni,C"]
[Result "1-0"]
[WhiteElo "2463"]
[BlackElo "2205"]

1.e4 c5 2.Nf3 Nc6 3.Bb5 Qc7 4.O-O a6 5.Bxc6 bxc6 6.Re1 e5 7.c3 d6 8.d4 cxd4
9.cxd4 Bg4 10.dxe5 dxe5 11.h3 Bxf3 12.Qxf3 Nf6 13.Be3 Be7 14.Nd2 O-O 15.Rec1 Rac8
16.Rc2 Qb8 17.Rac1 Qb5 18.Nc4 Rfe8 19.b3 a5 20.Rd1 a4 21.Bg5 axb3 22.axb3 Red8
23.Bxf6 Rxd1+ 24.Qxd1 Bxf6 25.Rd2 Rf8 26.Rd3 Qb4 27.Qc2 h6 28.Qc3 Qb8 29.g3 Qc8
30.Kg2 Rd8 31.Rxd8+ Qxd8 32.Na5 Qc7 33.Nxc6 Qd6 34.b4 Bg5 35.b5 Bd2 36.Qc4 Bg5
37.b6 Be3 38.b7 Qd2 39.b8=Q+ Kh7 40.Qxf7  1-0

[Event "Oz.com qualifier blitz"]
[Site "Internet ICC"]
[Date "2000.03.05"]
[Round "1"]
[White "Ricardi,P"]
[Black "Battsetseg,T"]
[Result "1-0"]
[WhiteElo "2483"]
[BlackElo "2218"]

1.e4 c5 2.Nf3 Nc6 3.Bb5 g6 4.O-O Bg7 5.Re1 Nf6 6.Nc3 O-O 7.e5 Ng4 8.Bxc6 bxc6
9.h3 Nh6 10.d3 Nf5 11.Ne4 Qb6 12.Rb1 Ba6 13.b3 Nd4 14.Ba3 Ne6 15.c4 Rad8
16.Qc1 d6 17.exd6 exd6 18.Bb2 d5 19.Nf6+ Kh8 20.Be5 Rc8 21.Ng5 Nxg5 22.Qxg5 Qd8
23.Qh4 h6 24.Qf4 Ra8 25.Nd7 g5 26.Bxg7+ Kxg7 27.Qe5+ f6 28.Qe7+ Rf7 29.Qxd8 Rxd8
30.Nxc5 Bc8 31.Re3 Kg6 32.Rbe1 dxc4 33.dxc4 h5 34.Re8 Rxe8 35.Rxe8 Bf5 36.f3 g4
37.hxg4 hxg4 38.Kf2 gxf3 39.Kxf3 Bb1 40.a4 Rh7 41.Rg8+ Kf5 42.Rc8 Ke5 43.Rxc6 Kd4
44.Kf4 Rh4+ 45.Kg3 Rh5 46.Ne6+ Kc3 47.Nf4 Rg5+ 48.Kf2 Kxb3 49.Rxf6 Kxc4 50.Ra6 Rg7
51.Kf3 Kb4 52.Nd5+ Kc5 53.Ne3 Bd3 54.Rf6 Kb4 55.Rf4+ Ka5 56.g4 Ba6 57.Kg3 Bb7
58.Nf5 Rg5 59.Nd6 Bc6 60.Kh4 Rg6 61.Nc4+ Ka6 62.Ne5 Rh6+ 63.Kg5 Re6 64.Nxc6 Rxc6
65.Kh5 Ka5 66.g5 Rc1 67.g6 Rh1+ 68.Rh4 Rg1 69.Rg4 Rh1+ 70.Kg5 Rh8 71.g7 Rc8
72.Kh6  1-0

[Event "Oz.com qualifier blitz"]
[Site "Internet ICC"]
[Date "2000.03.05"]
[Round "2"]
[White "Dalmau,Jo"]
[Black "Sherbakov,R"]
[Result "0-1"]
[WhiteElo "2028"]
[BlackElo "2552"]

1.e4 c5 2.Nf3 Nc6 3.Bb5 e6 4.O-O Nge7 5.Re1 a6 6.Bf1 d5 7.exd5 Qxd5 8.Nc3 Qd8
9.d3 Nf5 10.Bf4 b6 11.Ne4 Be7 12.Ng3 Nxg3 13.hxg3 O-O 14.Ne5 Bb7 15.Be2 Nd4
16.Bf3 Nxf3+ 17.gxf3 f6 18.Ng4 e5 19.Bd2 Qd5 20.Kg2 Rad8 21.Rh1 Qe6 22.Ne3 f5
23.Nc4 e4 24.fxe4 fxe4  0-1

[Event "Oz.com qualifier blitz"]
[Site "Internet ICC"]
[Date "2000.03.05"]
[Round "2"]
[White "Pinheiro,J"]
[Black "Siraco,M"]
[Result "1-0"]
[WhiteElo "2272"]
[BlackElo "2165"]

1.e4 c5 2.Nf3 Nc6 3.Bb5 g6 4.O-O Bg7 5.Re1 Nd4 6.Bf1 e6 7.c3 Nxf3+ 8.Qxf3 Ne7
9.d4 cxd4 10.cxd4 Bxd4 11.Bh6 Ng8 12.Bc1 Qf6 13.Qe2 d6 14.Nc3 Ne7 15.Nb5 O-O
16.Bh6 Rd8 17.Nxd4 Qxd4 18.Rad1 Qb6 19.Qf3 f5 20.Qc3 e5 21.Bc4+ Kh8 22.Bg5 Ng8
23.Bxd8 Qxd8 24.Qxe5+ Qf6 25.Qxf6+ Nxf6 26.e5 dxe5 27.Rd8+ Kg7 28.Rxe5 b6
29.Re7+ Kh6 30.Rf7 Ne4 31.Rff8 b5 32.Bf1 Rb8 33.Rxc8 Rb6 34.Rc2 Rd6 35.f3 Ng5
36.Bxb5 Ne6 37.Rf6 Rd1+ 38.Bf1 Nd4 39.Rf2 Kg5 40.Ra6 Re1 41.Rxa7 h5 42.Rd7 Ne2+
43.Rxe2  1-0